Čs. štátne kúpele Piešťany Liečebný dom Thermia Palace : liečebné domy Park a Kriváň : Kolonádový most : Kúpele Irma : Napoleonské kúpele

Zobrazenie: Na striebornom podklade v bielom orámovaní pohľady na liečebné domy, Kolonádový most, Kúpele Irma a Napoleonské kúpele

Bibliographic Details
Other Authors: Šmátrala, Milan (fotograf) (Photographer)
Format: Photo
Language:Slovak
PhysicalDescription:1 pohľadnica (5 čiastkových pohľadov) farebná 11 x 15 cm
Published: Bratislava Pravda 1989
Subjects:

MARC

LEADER 00000ckm a2200000 a 4500
001 vtls001207810
003 SK-MaSNL
005 20260331203218.0
007 kf co
008 230718s1989 xo g 0kuslo
015 |a SNBG1989 
035 |a SNK000150880 
035 |a urn:nbn:sk:snk-km3lwa5 
035 |a 6C0DAEFA-944B-4759-944A-71CFF5DEDEF9 
035 |a urn:nbn:sk:snk-km00dreg 
040 |a SNK  |b slo  |c SNK  |e AACR2 
041 0 |a slo 
043 |a e-xo--- 
044 |a xo  |c SK 
072 7 |a 913  |x Regionálna geografia  |2 konspekt 
080 |a 913(437.6)  |2 2011 
080 |a (084.121)  |2 2011 
080 |a 711.455:615.838  |2 2011 
080 |a 615.838  |2 2011 
080 |a 614.2:[725.1:614.21]  |2 2011 
080 |a 725.95  |2 2011 
100 1 |a Šmátrala, Milan  |c (fotograf)  |4 pht  |9 164919 
245 1 0 |a Čs. štátne kúpele Piešťany  |h grafika  |b Liečebný dom Thermia Palace : liečebné domy Park a Kriváň : Kolonádový most : Kúpele Irma : Napoleonské kúpele  |c foto Milan Šmátrala 
246 1 |i Názov na obrazovej časti:  |a Piešťany 
260 |a Bratislava  |b Pravda  |c 1989 
300 |a 1 pohľadnica (5 čiastkových pohľadov)  |b farebná  |c 11 x 15 cm 
520 8 |a Zobrazenie: Na striebornom podklade v bielom orámovaní pohľady na liečebné domy, Kolonádový most, Kúpele Irma a Napoleonské kúpele 
610 2 7 |a Československé štátne kúpele (Piešťany, Slovensko)  |2 SNKKA  |9 101069 
650 0 7 |a kúpele  |2 SNKPH  |9 1139 
650 0 7 |a liečebne  |2 SNKPH  |9 56920 
650 0 7 |a mosty  |2 SNKPH  |9 3015 
650 0 7 |a balneoterapia  |2 SNKPH  |9 1141 
651 7 |a Piešťany (Slovensko)  |2 SNKPHgeo  |9 23981 
655 7 |a miestne pohľadnice  |2 SNKPH  |9 70510 
852 |a Slovenská národná knižnica 
954 |a pohľadnice pôvodné (slovenské)  |2 lita 
958 |a GBN 
958 |a TL 
958 |a GC 
958 |a OND 
999 |c 1118421  |d 1120351 
952 |a SNK  |b SNK  |y PREZ  |7 0  |p 17A1289900  |o snkSP 143456  |i snk4399/90  |0 0  |1 0  |4 0  |d 2018-11-06  |f 1  |l 0  |r 2026-02-24 18:23:07  |w 2026-02-24 
952 |a SNK  |b SNK  |y PREZ  |7 0  |p 17A1289901  |o snkSP 143456 D1  |i snk4400/90  |0 0  |1 0  |4 0  |d 2018-11-06  |l 0  |r 2026-02-24 18:23:07  |w 2026-02-24